00652nam a2200229Ia 450000500170000000800410001702000150005808200190007324500530009226000410014530000160018665000120020265000130021465000130022765000120024065000160025270000180026870000200028694200060030695200950031299900150040720250324064306.0240331s9999 xx 000 0 und d a0333275586 a303bSOC21091 0aSociology of "Developing Societies":bSouth Asia aLondon,bMacmillan Education Ltd1989 axv, 324 p., aSociety aColonial aPolitics aEconomy aRegionalism aAlavi, Heedt aHarriss, Jeedt cL 001040708LaWERCLbWERCLcSSCd2024-03-31l0o 303 SOCp1091r2024-03-31w2024-03-31yL c1208d1208